[Event "Regionalliga SW 0203"]
[Site "Bayern"]
[Date "2003.03.09"]
[Round "8.1"]
[White "Bischof, Wolfgang"]
[Black "Juptner, Jan"]
[Result "0-1"]
[WhiteElo "2013"]
[BlackElo "2211"]
[PlyCount "122"]
[EventDate "2002.10.20"]
[EventType "team"]
[EventRounds "9"]
[EventCountry "GER"]
[SourceTitle "EXT 2004"]
[Source "ChessBase"]
[SourceDate "2003.11.25"]
[SourceVersion "1"]
[SourceVersionDate "2003.11.25"]
[SourceQuality "1"]
[WhiteTeam "Bobingen"]
[BlackTeam "Muenchen Tarrasch II"]
[WhiteTeamCountry "GER"]
[BlackTeamCountry "GER"]

1. e4 c5 2. Nf3 d6 3. d4 cxd4 4. c3 dxc3 5. Nxc3 e6 6. Bc4 a6 7. 0-0 Nc6 8. Qe2 b5 9. Bb3 Ra7 10. Rd1 Rd7 11. Ng5 Qf6 12. Be3 h6 13. Nf3 g5 14. Nd4 Nge7 15. Qh5 Rd8 16. Rac1 Bd7 17. Nce2 Na5 18. Rc7 Nxb3 19. axb3 e5 20. Nc2 Be6 21. Nb4 a5 22. Nd5 Nxd5 23. exd5 Bf5 24. Qf3 g4 25. Qg3 h5 26. Bb6 b4 27. Bxa5 h4 28. Qe3 Bh6 29. Qb6 0-0 30. Rc6 Rb8 31. Qa6 Ra8 32. Qb5 Bd7 33. Bxb4 Bxc6 34. dxc6 Rfb8 35. Qc4 Qe6 36. Ba3 Rxb3 37. Qxe6 fxe6 38. Bxd6 Rxb2 39. Nc3 Rd2 40. Bxe5 Rxd1+ 41. Nxd1 Bg7 42. Bxg7 Kxg7 43. Kf1 Kf6 44. Ne3 Kg5 45. Nc2 Ra4 46. Ke2 Rc4 47. Kd3 Rxc6 48. Nd4 Ra6 49. Ke4 Kf6 50. h3 Ra4 51. hxg4 e5 52. g5+ Kxg5 53. Kxe5 Ra2 54. Nf3+ Kg4 55. Nh2+ Kh5 56. Nf1 Rxf2 57. Ne3 Kg5 58. Ke4 Rf4+ 59. Kd3 Ra4 60. Ke2 Kf4 61. Nf1 Ra2+ 0-1

[Event "Regionalliga SW 0203"]
[Site "Bayern"]
[Date "2002.12.15"]
[Round "3.2"]
[White "Bucan, Djordje"]
[Black "Bischof, Wolfgang"]
[Result "1/2-1/2"]
[WhiteElo "2111"]
[BlackElo "2013"]
[PlyCount "84"]
[EventDate "2002.10.20"]
[EventType "team"]
[EventRounds "9"]
[EventCountry "GER"]
[SourceTitle "EXT 2004"]
[Source "ChessBase"]
[SourceDate "2003.11.25"]
[SourceVersion "1"]
[SourceVersionDate "2003.11.25"]
[SourceQuality "1"]
[WhiteTeam "Muenchen Suedost"]
[BlackTeam "Bobingen"]
[WhiteTeamCountry "GER"]
[BlackTeamCountry "GER"]

1. Nf3 Nf6 2. c4 c6 3. Nc3 d5 4. e3 g6 5. Be2 Bg7 6. 0-0 0-0 7. d4 Bf5 8. cxd5 Nxd5 9. Qb3 b6 10. Nxd5 cxd5 11. Bd2 Nc6 12. Rfc1 Qd6 13. Bb5 Rfc8 14. Rxc6 Rxc6 15. Bb4 Qc7 16. Bxc6 Qxc6 17. Bxe7 Rc8 18. Bb4 h5 19. Ne1 Bf6 20. Bd2 Be6 21. Rc1 Qd7 22. Rxc8+ Qxc8 23. Qb5 Kg7 24. Bc3 Qd7 25. Qxd7 Bxd7 26. Nd3 a5 27. Nf4 Bc6 28. f3 Bg5 29. g3 Bxf4 30. gxf4 Kf6 31. Kf2 Ke6 32. Kg3 Kf5 33. b3 a4 34. Kf2 axb3 35. axb3 Bb5 36. Bb4 Bd3 37. Bd6 Bc2 38. b4 b5 39. Ke2 Bb3 40. Bc7 Bc4+ 41. Kf2 Bd3 42. Bd8 Bc4 1/2-1/2

[Event "Regionalliga SW 0203"]
[Site "Bayern"]
[Date "2002.11.17"]
[Round "2.2"]
[White "Bischof, Wolfgang"]
[Black "Rogobete, Nikolas Johann"]
[Result "0-1"]
[WhiteElo "2013"]
[BlackElo "2127"]
[PlyCount "45"]
[EventDate "2002.10.20"]
[EventType "team"]
[EventRounds "9"]
[EventCountry "GER"]
[SourceTitle "EXT 2004"]
[Source "ChessBase"]
[SourceDate "2003.11.25"]
[SourceVersion "1"]
[SourceVersionDate "2003.11.25"]
[SourceQuality "1"]
[WhiteTeam "Bobingen"]
[BlackTeam "Tuerkheim"]
[WhiteTeamCountry "GER"]
[BlackTeamCountry "GER"]

1. e4 d6 2. d4 Nf6 3. Nc3 g6 4. Bc4 Bg7 5. Qe2 e5 6. dxe5 dxe5 7. Bd2 Nc6 8. 0-0-0 Nd4 9. Qd3 0-0 10. f4 Ng4 11. Qg3 b5 12. Bxb5 c6 13. Bc4 Qb6 14. h3 Nf2 15. Na4 Nxh1 16. Nxb6 Nxg3 17. Nxa8 Nxe4 18. Nc7 Nxd2 19. Kxd2 exf4 20. c3 Nf5 21. Ke1 Ne3 22. Be2 Nxd1 23. Bxd1 0-1

[Event "Augsburg Afro op"]
[Site "Augsburg"]
[Date "1997.??.??"]
[Round "5"]
[White "Werner, Bernd Michael"]
[Black "Bischof, Wolfgang"]
[Result "1/2-1/2"]
[WhiteElo "2190"]
[BlackElo "1975"]
[PlyCount "83"]
[EventDate "1997.??.??"]
[EventType "swiss"]
[EventRounds "7"]
[EventCountry "GER"]
[SourceTitle "EXT 2006"]
[Source "ChessBase"]
[SourceDate "2005.11.24"]
[SourceVersion "1"]
[SourceVersionDate "2005.11.24"]
[SourceQuality "1"]

1. e4 e5 2. Nf3 Nf6 3. Nxe5 d6 4. Nf3 Nxe4 5. d4 d5 6. Bd3 Be7 7. 0-0 Nc6 8. c4 Bg4 9. Nc3 Nf6 10. cxd5 Nxd5 11. Be4 Nf6 12. Bxc6+ bxc6 13. h3 Bh5 14. g4 Bg6 15. Ne5 Qd6 16. f4 h5 17. g5 Nd7 18. Qf3 Qxd4+ 19. Be3 Nxe5 20. Bxd4 Nxf3+ 21. Rxf3 0-0-0 22. Bxa7 Bf5 23. Re1 Rhe8 24. Rfe3 Kd7 25. Ne4 Bxe4 26. Rxe4 c5 27. Rd1+ Kc8 28. Rde1 Kd7 29. Rd1+ Kc8 30. Rxd8+ Kxd8 31. Rc4 Kd7 32. Bxc5 Bxc5+ 33. Rxc5 Re2 34. Rf5 f6 35. g6 Rxb2 36. Rxh5 Rxa2 37. Rh7 Ke6 38. Rxg7 Kf5 39. h4 Ra1+ 40. Kf2 Ra2+ 41. Ke3 Ra3+ 42. Kd4 1/2-1/2